Morza na literę W - Statystyki

Ogólne statystyki
  • Ten quiz został rozwiązany 41 razy
  • Średni wynik to 5 z 7
Statystyki odpowiedzi
Kontynent Odpowiedź % Poprawnych
Azja Wschodniochińskie
97%
Antarktyda Weddella
82%
Azja Wschodniosyberyjskie
79%
Europa Wattowe
71%
Azja Wewnętrzne
58%
Antarktyda Wspólnoty
55%
Ameryka Północna Wandela
34%
Nie znaleziono quizów pasujących do podanych kryteriów
Rozkład punktacji
Procent ludzi z każdym wynikiem
Percentyl według liczby udzielonych odpowiedzi
Twoja historia wyników
Nie rozwiązałeś tego quizu